=LDR 00000nam 2200000 4500 =001 INLIS000000001052292 =005 20240822074909 =035 ##$$a 0010-0824000110 =007 ta =008 240822###########################0###### =020 ##$$a 978-623-8131-27-3 =082 ##$$a 297.1 =084 ##$$a 297.1 AIS r =100 #$$a Aisyah =245 1#$$a Rahasia mahir membaca Al-Qur'an / Aisyah, editor : M. Hidayat, Miskadi =250 ##$$a 1 =260 ##$$a Praya :$b Pusat Pengembangan Pendidikan dan Penelitian Indonesia,$c 2023 =300 ##$$a vii, 52 halaman : $b ilus ; $c 23 cm$e Lain-lain =500 ##$$a Biografi : halaman 51 =650 #4$$a Al-Qur'an =504 ##$$a Bibliografi ; halaman 50 =990 ##$$a 16721672 =990 ##$$a 086/53/2024